One small square : (Record no. 8230)

MARC details
000 -LEADER
fixed length control field 01452nam a22003017a 4500
001 - CONTROL NUMBER
control field 8230
003 - CONTROL NUMBER IDENTIFIER
control field FISKH
005 - DATE AND TIME OF LATEST TRANSACTION
control field 20250904102338.0
008 - FIXED-LENGTH DATA ELEMENTS--GENERAL INFORMATION
fixed length control field 250904b cb ||||| |||| 00| 0 eng d
020 ## - INTERNATIONAL STANDARD BOOK NUMBER
International Standard Book Number 9780070579279
040 ## - CATALOGING SOURCE
Original cataloging agency FISKH
Language of cataloging eng
Transcribing agency FISKH
Modifying agency FISKH
050 ## - LIBRARY OF CONGRESS CALL NUMBER
Classification number QH541.T8 S48
082 ## - DEWEY DECIMAL CLASSIFICATION NUMBER
Classification number 577.586
100 ## - MAIN ENTRY--PERSONAL NAME
Personal name M.Silver, Donald
Dates associated with a name (1947-)
245 ## - TITLE STATEMENT
Title One small square :
Remainder of title Arctic Tundra /
Statement of responsibility, etc. By Donald M.Silver ; illustrated by Patricia J.Wynne
250 ## - EDITION STATEMENT
Edition statement This edition first published in 1994
260 ## - PUBLICATION, DISTRIBUTION, ETC.
Place of publication, distribution, etc. New York :
Name of publisher, distributor, etc. Learning,
Date of publication, distribution, etc. 1994
300 ## - PHYSICAL DESCRIPTION
Extent 48 pages :
Other physical details color illustrations ;
Dimensions 23 cm
505 ## - FORMATTED CONTENTS NOTE
Formatted contents note W<br/>
520 ## - SUMMARY, ETC.
Summary, etc. It's a land of riddles, where a winter night can last for weeks and where the ground is full of water though it rarely rains or snows. Bears, hares, wolves, and foxes roam the ice-crusted earth, as flowers follow the sun as it moves across the sky. Young readers may never come to the Arctic tundra, but now it can come to them--in a book chock full of fun-to-do experiments and activities for children ages 6 and up that help them to solve some of the mysteries of this strange and forbidding world. Arctic Tundra includes a picture field guide, a glossary-index, and a resource list.<br/>
521 8# - TARGET AUDIENCE NOTE
Target audience note 830<br/>
Source Lexile<br/>
521 8# - TARGET AUDIENCE NOTE
Target audience note W<br/>
Source Raz-Plus<br/>
650 ## - SUBJECT ADDED ENTRY--TOPICAL TERM
Source of heading or term Arctic
Topical term or geographic name entry element Habitats
650 ## - SUBJECT ADDED ENTRY--TOPICAL TERM
Source of heading or term Nature study
Topical term or geographic name entry element Science
700 ## - ADDED ENTRY--PERSONAL NAME
Personal name J.Wynne, Patricia
Dates associated with a name illustrator
942 ## - ADDED ENTRY ELEMENTS (KOHA)
Source of classification or shelving scheme Dewey Decimal Classification
Koha item type Books
Suppress in OPAC No
Holdings
Withdrawn status Lost status Source of classification or shelving scheme Damaged status Not for loan Collection Home library Current library Shelving location Date acquired Total Checkouts Full call number Barcode Date last seen Copy number Price effective from Koha item type
    Dewey Decimal Classification     Fiction Footprints International School Library Network Toul Tom Poung Campus Footprints International School Library Network Toul Tom Poung Campus TTP Secondary Fiction Bookshelves 09/04/2025   SIL 577.586 QH541.T8 S48 FIS03359 09/04/2025 1 09/04/2025 Books